[Event "COL-ch U10"]
[Site "Medellin"]
[Date "2025.04.27"]
[Round "6"]
[White "Camacho Casalinas, Said Gabriel"]
[Black "Le Bihan Cediel, Stelyan"]
[Result "1-0"]
[WhiteElo "1558"]
[BlackElo "1438"]
[PlyCount "59"]
[EventDate "2025.04.24"]
[EventType "swiss"]
[EventRounds "7"]
[EventCountry "COL"]
[SourceTitle "CB18_2025"]
[SourceDate "2025.04.30"]
[SourceVersion "1"]
[SourceVersionDate "2025.04.30"]
[SourceQuality "1"]

1. e4 c5 2. Nf3 d6 3. Bc4 Nf6 4. Nc3 a6 5. a4 e6 6. Ba2 Be7 7. d3 0-0 8. 0-0 Nc6 9. Bf4 e5 10. Be3 Nd4 11. Bxd4 cxd4 12. Ne2 Bg4 13. Ng3 Nh5 14. h3 Nxg3 15. fxg3 Bh5 16. Qd2 Rc8 17. Rf2 h6 18. Raf1 Bg5 19. Nxg5 Qxg5 20. Qxg5 hxg5 21. Bb3 Rc7 22. Rf5 Kh8 23. h4 f6 24. hxg5 Be2 25. g6 Rd7 26. Bd5 Rc8 27. c4 dxc3 28. Kf2 Bg4 29. Rh1+ Bh5 30. Rfxh5# 1-0